000 00655nam a2200241Ia 4500
003 OSt
005 20220924122205.0
006 a|||||r|||| 00| 0
007 ta
008 220923b |||||||| |||| 00| 0 pan d
024 _a42229
037 _cTextual
040 _aARTS
_cARTS
_bpan
041 _2pan
_apan
082 _aO153,1F73x, 111K7
100 _aElahi Maqbool
_9188669
245 0 _aCouplets of Baba Farid
260 _aLahore
_bMajlis Shah Hussain Pakistan
_c1967
300 _a107p.
_ccm.
650 _aPUNJABI LITERATURE
942 _hO153,1F73x, 111K7
_cTEXL
_2CC
999 _c410677
_d410677